| 000 | 00926nam a22003137a 4500 | ||
|---|---|---|---|
| 001 | 000040607 | ||
| 003 | CHAP | ||
| 005 | 20220329135626.0 | ||
| 008 | 971013s1960 r 00010 d | ||
| 010 | _a39549 | ||
| 011 | _a40521 | ||
| 035 | _a44647 | ||
| 040 | _cCHAP | ||
| 090 | _aFolleto 612 | ||
| 110 |
_aE.U.A. Atomic Energy Commission _934858 |
||
| 245 | 0 | 0 | _aRadioisotope experiments for the chemistry curriculum. |
| 260 |
_aChicago : _bNuclear-Chicago Corporation, _c1960. |
||
| 300 | _a60 p. | ||
| 590 |
_aBATCH-UPD _b10 _c20130110 _lUCH01 _h0253 |
||
| 590 |
_aBATCH-UPD _b10 _c20130409 _lUCH01 _h2323 |
||
| 590 |
_aBATCH-UPD _b10 _c20130914 _lUCH01 _h1952 |
||
| 590 |
_aCONVERSION _b10 _c20130109 _lUCH01 _h1322 |
||
| 590 |
_aE11695DGD _b10 _c20141114 _lUCH01 _h0932 |
||
| 650 | 1 | 4 |
_aRadioquĂmica. _993705 |
| 901 | _aBK | ||
| 942 | _cFOLL | ||
| 942 | _n0 | ||
| 949 |
_aFolleto 612 _bBC _cFOLL _d-102304 _eTS1 _i44647 _si |
||
| 999 |
_c39549 _d39549 |
||